MDQL
is popping MORE tags! Check the
thread
!
Quizzes
Events
Quiz Creation
Community
Videos
Private Events
Remove Ads
Sign In
Join for FREE
Feedback
Dark Mode
Quiz Categories
Sports
Geography
Music
Movies
Television
Just For Fun
Miscellaneous
History
Literature
Language
Science
Gaming
Entertainment
Religion
Holiday
For Kids
Quiz Lab
Recent
Popular Today
Quiz Kudos Today
Editor Picks
Curator Picks
Quizzes by...
Day
Popularity
Type
Ratings
Length
Year
Community
Subscriptions
Recent Discussions
Orange Saloon
Badges
Playlists
Quests
Create
Leaderboards
Showdown
Live 5
Trivia Bingo
Activity
Puzzle Library
Sporcle Events
Private Events
Virtual Trivia
Globe League
Become a Host
Pub Owners
SporcleCon
Opinionation
Our Games
Videos
Blog
Mobile Apps
Partnerships
Remove Ads and Go Orange
Feedback
Gaming
Video Games
Board Games
Card Games
Pokémon
Mario
Nintendo
Minecraft
Console
Toys
Legend of Zelda
Gaming
Video Games
Board Games
Card Games
Pokémon
Mario
Nintendo
Minecraft
Console
Toys
Legend of Zelda
Random Quiz
Search Sporcle
×
Quiz Lab
Quiz Lab
Gaming
Legends Champions
Type in answers that appear in a list
Type in answers that appear in a list
Classic
Best Score? Go Orange.
League of Legends Champions Stats
Can you name the League of Legends Champions?
By
arelian
10m
63 Questions
540 Plays
540 Plays
540 Plays
Comments
Comments
Give Quiz Kudos
Give Quiz Kudos
-
- Ratings
hide this ad
Replay
Link that replays current quiz
Next Quiz
Link to next quiz in quiz playlist
You Got
0%
They Got
Avg Score
73%
Avg Friend Score
Upgrade to see
Score Distribution
Jump to the score distribution portion of the page
Score
0/63
Timer
10:00
0
Plays Today
% Correct
Annie
89.6%
Ashe
89.3%
Amumu
87.6%
Garen
85.7%
Akali
85.6%
Lux
83.7%
Alistar
82.8%
Shen
82.8%
Anivia
82.6%
Warwick
81.3%
Teemo
80%
Miss Fortune
79.4%
Cho'Gath
79.3%
Blitzcrank
78.9%
Katarina
78.9%
Sona
78%
Xin Zhao
78%
Master Yi
76.9%
Morgana
76.9%
Kennen
76.7%
Soraka
76.7%
Gangplank
76.5%
Nunu
76.5%
Zilean
76.1%
Galio
75.7%
Rammus
75.2%
Corki
74.6%
Ryze
74.6%
Mordekaiser
74.3%
Dr. Mundo
73.9%
Evelynn
73.9%
Twitch
73.5%
% Correct
Janna
72.8%
Taric
72.8%
Tristana
72.8%
Karthus
72.2%
Kassadin
72%
Kayle
71.9%
Tryndamere
71.7%
Udyr
71.7%
Kog'Maw
71.5%
Vladimir
71.3%
Ezreal
71.1%
Shaco
70.9%
Twisted Fate
70.9%
Fiddlesticks
70.2%
Sion
69.8%
Jax
68.9%
Poppy
68.7%
Sivir
68.7%
Olaf
68.5%
Nasus
68.1%
Gragas
67.4%
Heimerdinger
67%
Urgot
65.4%
Nidalee
64.6%
Veigar
64.6%
Malphite
63.5%
Pantheon
63.5%
Swain
63.3%
Singed
63%
Malzahar
62.8%
LeBlanc
29.3%
Quiz Playlist
Details
Report
Send in Message
Add To Playlist
Classic:
Type in answers that appear in a list
Last Updated: Feb 16, 2017
Quiz Scoreboard
CHALLENGE
Sign Up to Join the Scoreboard
Show All
Scores
Hide
Comments
May contain spoilers
Recently Published
Find the 'City' Movie
by crazypaving
Movies
60s
5x2 Blitz: Bands
by SL_Kpop136
Music
30s
Colored Red Africa Blitz
by spor1
Geography
30s
More to Explore
Quiz From the Vault
Featured Blog Post
14 Easter Pick-up Lines to Find Eggs With
hide this ad
You Might Also Like...
Tags
champion
League of Legends
Legends Champions
Today's Top Quizzes in Gaming
Browse Gaming
hide this ad
Top Contributed Quizzes in Gaming
1
Genshin murder mystery
2
Dead By Daylight Logic Puzzle
3
Destiny 2 exotic weapons by perk icons
4
League of Legends Pro Players by Career/Team History
5
Genshin Impact Logic Puzzle
6
Overwatch 2: Ultimate Ability Icons
7
Genshin Impact Logic Puzzle Quiz II
8
Overwatch Logic Puzzle
9
Who's on the WWE 2K24 Cover?
10
5-to-1: Legend of Zelda
Explore More
Trending Topics
NBA
Anime
Crossword
Harry Potter
Kpop
Disney
Marvel
The Office
WWE
Country
Song
Pokémon
NFL
Soccer
Puzzle
hide this ad
More By:
arelian
Quiz
Plays
Rating
Category
Featured
Created
League of Legends Champions
540
4.00
Gaming
Nov 1, 2010
Go to Creator's Profile
Score Distribution
Quiz Creator Spotlight
arelian
Follow
Send a Message
Quizzes Created
-
Created Quiz Play Count
-
More By This Creator
Popular Quizzes Today
1
Colored Red Africa Blitz
2
Find the 'City' Movie
3
Find the US States - No Outlines Minefield
4
5x2 Blitz: Bands
5
The Countries of the World
6
Find the US States
7
US States
8
Find the Countries of Europe - No Outlines Minefield
More Gaming Quizzes
3 Clues: Pokémon (Generation VIII)
Quiz Lab
Trending Quizzes
Colored Red Europe Blitz I
Colored Red Africa Blitz II
Colored Red Europe Blitz II
Colored Red Africa Blitz III
Colored Red Europe Blitz III
Recently Updated
How Do You Spell That?
pecheneg
Godzilla Movies
pecheneg
Grab Bag: 4-10 Letters
pecheneg
2024 March Madness Bracket
pecheneg
Famous TV Couples
Peacemaker
Champions League XIs: Real Madrid
pecheneg
Largest US Cities 1790-2010
pecheneg
Rides in Walt Disney World
pecheneg
Most Oscar Losses (Acting)
pecheneg
Beyoncé Albums
pecheneg
Trending Topics
Disney
Anime
Crossword
Kpop
Marvel
NBA
Harry Potter
Country
The Office
Soccer
Puzzle
Song
NFL
Pokémon
WWE
Your Account Isn't Verified!
In order to create a playlist on Sporcle, you need to verify the email address you used during registration. Go to your
Sporcle Settings
to finish the process.
Report this User
Report this user for behavior that violates our
Community Guidelines
.
Details:
Send Report
Go to the Sporcle.com Mobile Site →
Comments